All mythologies quiz - Statistics

General Stats
  • This quiz has been taken 268 times
  • The average score is 8 of 10
Answer Stats
Question Answer % Correct
What is the name of the Greek god of the sea? Poseidon
99%
Which creature from Greek mythology was half human and half horse? Centaur
97%
What is the name of the winged horse in Greek mythology? Pegasus
94%
Which creature is known for guarding the entrance to the underworld in Greek mythology? Cerberus
89%
In Greek mythology what is the name of the river that separates the world of the living from the underworld? Styx
88%
What is the name of the god that guards the rainbow bridge to Asgard in Norse mythology? Heimdall
75%
What is the name of the Norse God of thunder? Thor
72%
What is the name of the Egyptian god of the sun? Ra
69%
Who is the Norse God of harvest? Freyr
56%
Which godess is the personification of the earth in Greek mythology? Hera
15%
No matching quizzes found
Score Distribution
Percent of People with Each Score
Percentile by Number Answered
Your Score History
You have not taken this quiz